| 000 | 00998cam a2200205 4500 | ||
|---|---|---|---|
| 001 | ABS66766 | ||
| 008 | 030605n2003 000 0 eng u | ||
| 035 | _a(Sirsi) u122528 | ||
| 110 |
_aFranklin and Andrews _92518 |
||
| 245 | _aEuropean whole-life costs | ||
| 260 | _c2003 | ||
| 490 |
_aBuilding _v268(8285) 30 May 2003, 62-63(2) |
||
| 520 | _aQuantity surveying firm Franklin and Andrews' cost research unit has produced its annual study of whole-life costs in Europe, to aid the decision of where to locate. The most cost-efficient location for construction may not be the most cost-effective once the cost of ownership over the plant's lifetime has been taken into account. Areas looked at are construction costs, ownership costs, labour costs and productivity, time and usage factors and whole-life cost comparisons. Tables. | ||
| 590 | _aABS | ||
| 650 | _aWHOLE-LIFE COSTS | ||
| 650 | _aPRODUCTIVITY | ||
| 650 | _aEUROPE | ||
| 690 | _aBUILT ENVIRONMENT-BUILDING COSTS | ||
| 942 | _n0 | ||
| 999 |
_c72830 _d72830 |
||